OPAC | Catalogo Arcigay delle biblioteche LGBTQIA+

Il Catalogo di Arcigay delle Biblioteche LGBTQIA+ è un servizio fornito grazie alla collaborazione tra Arcigay nazionale e le associazioni locali aderenti al progetto che conservano e rendono pubbliche biblioteche a tema LGBTQIA+.

Cuore nascosto : (Record no. 28883)

MARC details
000 -LEADER
campo di controllo lung. fissa 00697nam a2200253 i 4500
001 - Numero di controllo
campo di controllo IT\ICCU\TO0\2136479
003 - Identificatore del numero di controllo
campo di controllo ItRI
005 - Data e orario dell'ultima transazione
campo di controllo 20260306215019.0
008 - Elementi di lunghezza fissa--Informazione generale
campo di controllo lung. fissa 240409s2024 it |||||| |||||1|||||c
015 ## - Numero della bibliografia nazionale
Fonte IT
Numero della bibliografia nazionale 2024-4857
020 ## - ISBN (International Standard Book Number)
ISBN (International Standard Book Number) 9788804745853
040 ## - Fonte della catalogazione
Lingua della catalogazione ita
Agenzia che fa la trascrizione NP
041 #7 - Codice di lingua
Codice di lingua del testo/traccia sonora o titolo separato ita
Fonte del codice ISO-639-2
082 ## - Numero di classificazione Decimale Dewey
Numero di classificazione 853.92
Numero dell'edizione 23
100 1# - Accesso principale -- nome di persona
Nome di persona Ozpetek, Ferzan
Numero del record di authority o numero standard IT\ICCU\REAV\096588
Relazione: aut
240 10 - Titolo uniforme
Titolo uniforme Cuore nascosto
9 (RLIN) Ozpetek, Ferzan
245 10 - Formulazione del titolo
Titolo Cuore nascosto :
Complemento del titolo romanzo /
Formulazione di responsabilità, ecc. Ferzan Ozpetek.
260 ## - Pubblicazione, distribuzione, ecc. (stampa)
Luogo di pubblicazione, distribuzione, ecc. Milano :
Nome dell'editore, distributore, ecc. Mondadori,
Data di pubblicazione, distribuzione, ecc. 2024
300 ## - Descrizione fisica
Estensione 191 p. ;
Dimensioni 21 cm
830 #0 - Accesso aggiunto di serie--titolo uniforme
Titolo uniforme Strade blu
Numero del record di authority o numero standard IT\ICCU\RAV\0329587
982 #1 - EQUIVALENCE OR CROSS-REFERENCE-SERIES STATEMENT--CONFERENCE OR MEETING NAME/TITLE [LOCAL, CANADA]
Collegamento z01
Nome del convegno o nome della giurisdizione come accesso n
942 ## - Dati aggiuntivi (Koha)
Fonte della classificazione o dello schema di collocazione (segnatura) Classificazione decimale Dewey
Tipo copia default (Koha) Libri
981 #1 - EQUIVALENCE OR CROSS-REFERENCE-SERIES STATEMENT--CORPORATE NAME/TITLE [LOCAL, CANADA]
Collegamento z01
Nome dell'ente o nome della giurisdizione come accesso i
Unità subordinata xxxe
Holdings
Status ritirato Status smarrito: Fonte della classificazione o dello schema di collocazione (segnatura) Status danneggiato: Escluso dal prestito Biblioteca di appartenenza Biblioteca corrente Data di acquisti Totale prestiti Collocazione Codice a barre Data ultima revisione Prezzo effettivo da Tipo copia default (Koha)
    Classificazione decimale Dewey     ROVIGO | Politropia Arcigay Rovigo APS ROVIGO | Politropia Arcigay Rovigo APS 06/03/2026   853.92 OZP CUO 11786 06/03/2026 06/03/2026 Libri
Se cerchi informazioni su Arcigay, le puoi trovare nel nostro sito: www.arcigay.it